Páginas de sangre de la revolución de 1891

Saved in:
Bibliographic Details
Main Authors: Figueroa, Pedro Pablo (Author), Baeza Yávar, Carlos (Author), Valdés Carrera, José Miguel (Author)
Format: Book
Language:Spanish
Published: Santiago Imprenta de El Correo 1891
Edition:1a. ed
Series:Crónicas patrias
Subjects:
Tags: Add Tag
No Tags, Be the first to tag this record!

MARC

LEADER 00000nam a2200000 a 4500
001 UCJ4101
003 CL-VaPUC
008 070124e18910000CL |||||||||||||||||spa|d
082 0 4 |a 983  |b ECO  |2 21 
100 0 |a Figueroa, Pedro Pablo  |e author  |9 504749 
700 0 |a Baeza Yávar, Carlos  |e author  |9 507031 
700 0 |a Valdés Carrera, José Miguel  |e author  |9 507032 
245 1 0 |a Páginas de sangre de la revolución de 1891 
246 1 3 |a La condenación del ministerio Vicuña: El Ministro de hacienda y sus detractores 
246 1 3 |a El capitán de navío D. Carlos E. Moraga, comandante de la Armada Nacional: Con una relación histórica del combate naval de Caldera 
250 |a 1a. ed 
300 |a pág. irreg 
942 |c BK 
945 |d 20070124 00:00:00  |a rinostro 
260 |a Santiago  |b Imprenta de El Correo  |c 1891 
500 |a Se acompaña también crónicas deliInvento y aplicación de lostTorpedos, de los combates navales con torpedos y de los torpedos en Chile: Ilustrado con láminas y retratos. Las obras aquí descritas están contenidas en un volumen rotulado Ecos de 1891 
500 |a Los datos de impresión corresponden al libro de Pedro Pablo Figueroa al que pertenecen las tres litografías que representan a Don Simón Moraga, el Combate Naval de Caldera y una figura anónima respectivamente 
600 0 7 |a LARRAIN DE ALDUNATE, ELENA  |2 CL-VaPUC  |9 507033 
600 0 7 |a MORAGA, SIMON  |2 CL-VaPUC  |9 507034 
600 0 7 |a ROMAN, LUIS  |2 CL-VaPUC  |9 507035 
600 0 7 |a VALDES VERGARA, FRANCISCO  |2 CL-VaPUC  |9 507036 
600 0 |a Balmaceda Fernández, José Manuel,  |d 1840-1891  |9 315369 
600 0 7 |a GARIN, LUIS ALBERTO  |2 CL-VaPUC  |9 505003 
600 0 7 |a PERAL, ISAAC  |2 CL-VaPUC  |9 507037 
650 7 |a GUERRA CIVIL DE 1891  |2 CL-VaPUC  |9 408173 
650 0 |a Presidentes de Chile  |9 268293 
650 7 |a CRIMENES POLITICOS  |2 CL-VaPUC  |9 319844 
650 7 |a CLERICALISMO  |2 CL-VaPUC  |9 507038 
650 7 |a INGENIERIA NAVAL  |2 CL-VaPUC  |9 262110 
650 0 |a Operaciones militares  |9 372045 
650 7 |a COMBATES NAVALES  |2 CL-VaPUC  |9 505452 
650 0 |a Armas   |9 318202 
650 7 |a TORPEDOS  |2 CL-VaPUC  |9 507039 
650 7 |a DOCUMENTOS  |2 CL-VaPUC  |9 366450 
650 0 |a Correspondencia  |9 258963 
650 0 |a Iconografía   |9 267998 
650 0 |a Submarinos   |9 324330 
650 7 |a MEMORIAS  |2 CL-VaPUC  |9 269159 
651 0 |a Concón  |9 499913 
651 7 |a PLACILLA  |2 CL-VaPUC  |9 315382 
651 7 |a CALDERA  |2 CL-VaPUC  |9 504353 
583 |a last modification  |c 20070124 00:00:00  |k Rodrigo Vera 
490 0 |a Crónicas patrias 
999 |c 320218  |d 320216 
952 |0 0  |1 0  |4 0  |6 983_000000000000000_ECO_1891  |7 0  |8 X  |9 398696  |a FDOBUD  |b FDOBUD  |d 2019-11-22  |i 1013580  |o 983 ECO 1891  |p 1013580  |r 2019-11-22  |w 2019-11-22  |y BK_X  |k BUD